[Event "Sydney Int Open"]
[Site "Parramatta AUS"]
[Date "2010.04.11"]
[Round "9"]
[White "Li Chao2"]
[Black "Malaniuk,V"]
[Result "0-1"]
[WhiteElo "2613"]
[BlackElo "2582"]

1.e4 d6 2.d4 Nf6 3.Nc3 e5 4.Nf3 Nbd7 5.g4 Nxg4 6.Rg1 Ngf6 7.Bc4 h6 8.Be3 c6
9.dxe5 dxe5 10.Qd3 b5 11.Bb3 Qa5 12.O-O-O Ba6 13.Ne2 c5 14.c4 bxc4 15.Bxc4 Bxc4
16.Qxc4 Qb4 17.Qxb4 cxb4 18.Nd2 g6 19.f3 Nb6 20.Kb1 Nfd7 21.Rc1 Be7 22.f4 exf4
23.Bxf4 Nc5 24.Be3 Rd8 25.Nd4 Nd3 26.Rc2 Bg5 27.Bxg5 hxg5 28.Nc6 Rd7 29.e5 Rh4
30.Nf3 Rc4 31.b3 Rxc2 32.Kxc2 Rc7 33.Kxd3 Rxc6 34.Nd4 Rc5 35.Rxg5 Nd7 36.h4 Nxe5+
37.Ke4 f6 38.Rg2 Kf7 39.Rc2 Rxc2 40.Nxc2 a5 41.Nd4 Kg7 42.Ne2 Kh6 43.Ng3 Ng4
44.Kf4 Nf2 45.Ke3 Nd1+ 46.Kd3 Nc3 47.a3 f5 48.axb4 axb4 49.Ke3 Ne4 50.Ne2 Nc5
51.Nc1 Kh5 52.Kd4 Na6 53.Kc4 f4 54.Nd3 f3 55.Kd4  0-1

[Event "Open"]
[Site "Thessaloniki GRE"]
[Date "2010.04.11"]
[Round "9"]
[White "Koutroukis,A"]
[Black "Kesidis,O"]
[Result "1-0"]
[WhiteElo "1889"]
[BlackElo "1979"]

1.e4 d6 2.d4 Nf6 3.Nc3 Nbd7 4.Nf3 e5 5.Bc4 Be7 6.O-O O-O 7.Re1 c6 8.a4 b6
9.Ba2 Bb7 10.dxe5 dxe5 11.Nh4 Nc5 12.Nf5 Bc8 13.Qf3 a5 14.Qg3 Bxf5 15.exf5 Nfd7
16.Bh6 Bf6 17.Rad1 Kh8 18.Be3 Qe7 19.Qf3 Rac8 20.g4 Bg5 21.Bxc5 Nxc5 22.Ne4 Nxe4
23.Qxe4 f6 24.Rd3 Qc5 25.Rd7 Bh4 26.Qe2 Rcd8 27.Red1 Rxd7 28.Rxd7 Qb4 29.Bb3 Qf4
30.Kg2 h5 31.h3 b5 32.axb5 cxb5 33.Be6 a4 34.gxh5 b4 35.Qf3 Qc1 36.h6 Qxh6
37.Qg4 Rb8 38.Ra7 b3 39.c3 Bg5 40.Qxa4  1-0

[Event "9th Open"]
[Site "Weiz AUT"]
[Date "2010.04.15"]
[Round "1"]
[White "Wallner,W"]
[Black "Poetz,F"]
[Result "0-1"]
[WhiteElo "2060"]
[BlackElo "2317"]

1.e4 d6 2.d4 Nf6 3.Nc3 c6 4.Nf3 Bg4 5.Be2 e6 6.h3 Bh5 7.Be3 d5 8.e5 Nfd7
9.O-O c5 10.dxc5 Nc6 11.g4 Bg6 12.Bb5 Qc7 13.Qd2 Nxc5 14.Bf4 Be7 15.Rfe1 O-O
16.Rad1 Rad8 17.Bxc6 bxc6 18.Nd4 Qb7 19.Nb3 Nd7 20.Ne2 c5 21.c3 Nb6 22.Na5 Qc7
23.b4 Nc4 24.Nxc4 dxc4 25.Qb2 Rd3 26.Rxd3 cxd3 27.Nc1 cxb4 28.cxb4 Qc4 29.Bd2 Rc8
30.a3 Qd5 31.Qb3 Rxc1  0-1

[Event "UKM KL Masters"]
[Site "Kuala Lumpur INA"]
[Date "2010.04.16"]
[Round "5"]
[White "Ankit,R"]
[Black "Nirav Y.,R"]
[Result "1-0"]
[WhiteElo "2334"]
[BlackElo "2183"]

1.e4 d6 2.d4 Nf6 3.Nc3 Nbd7 4.Nf3 e5 5.Bc4 exd4 6.Nxd4 g6 7.O-O Bg7 8.a4 O-O
9.a5 Re8 10.Re1 Nc5 11.Nf3 Be6 12.Bxe6 Rxe6 13.Nd4 Re8 14.f3 Nfd7 15.Be3 Ne5
16.b3 c6 17.Qd2 Qc7 18.Red1 b5 19.axb6 axb6 20.Rxa8 Rxa8 21.Nde2 Bf8 22.h3 Re8
23.Bf2 Ne6 24.Ra1 Be7 25.f4 Nd7 26.Rd1 Nf6 27.Nd4 Bf8 28.Nxe6 Rxe6 29.Qd4 d5
30.e5 Nh5 31.g4 Bc5 32.Qd2 Bxf2+ 33.Qxf2 Ng7 34.Ne2 Re8 35.Nc1 h5 36.Nd3 hxg4
37.hxg4 c5 38.Qg2 c4 39.Nb4 Qb7 40.Qf3 cxb3 41.cxb3 Ne6 42.Nxd5 Kf8 43.f5 Ng5
44.Qf4 Rd8 45.Qd4 Ne6 46.fxe6 fxe6 47.Qf4+ Ke8 48.Qf6 exd5 49.Qxg6+ Qf7 50.Qxb6 Qg8
51.Rd4 Rc8 52.Qb5+ Ke7 53.Qb4+ Ke8 54.Qb5+ Ke7 55.Qb7+  1-0

[Event "Open"]
[Site "Bar MNE"]
[Date "2010.04.17"]
[Round "1"]
[White "Mihasi,Lime"]
[Black "Bogut,Z"]
[Result "0-1"]
[WhiteElo "2031"]
[BlackElo "2468"]

1.e4 d6 2.d4 Nf6 3.Nc3 c6 4.Be3 Qa5 5.Qd2 e5 6.Nf3 Bg4 7.Be2 Nbd7 8.O-O Be7
9.a4 h6 10.Rad1 a6 11.h3 Bh5 12.Kh1 Qc7 13.Ng1 Bg6 14.dxe5 dxe5 15.Bd3 Bb4
16.f3 O-O 17.Nge2 Rfd8 18.Qc1 Nf8 19.Na2 Be7 20.Bc4 b5 21.Bb3 c5 22.c4 b4
23.Bc2 Ne6 24.b3 Nd4 25.Nxd4 cxd4 26.Bg1 Nh5 27.Bh2 Bg5 28.Qb1 Qe7 29.Nc1 Bf4
30.Ne2 Be3 31.Bd3 Nf4 32.Nxf4 exf4 33.Qc2 Rac8 34.Qe2 a5 35.Qc2 Rc5 36.Ra1 Rg5
37.Ra2 Qe5 38.Rd1 f6 39.Qe2 Be8 40.Re1 Bc6 41.Rc2 Qc5 42.Ra2 Bd7 43.Qf1 f5
44.exf5 Bxf5 45.Rd1 Bc8 46.Be4 Re8 47.Re2 Bd7 48.Bd3 Bc6 49.Rde1 Rge5 50.Rd1 g5
51.Bg6 R8e6 52.Bh5 Rd6 53.Rd3 Bd7 54.Qd1 Bf5 55.Bg4 Bg6 56.h4 h5 57.Bh3 gxh4
58.Rexe3 Rxe3 59.Rd2 Qe5 60.Bg1  0-1

[Event "9th Open"]
[Site "Malakoff FRA"]
[Date "2010.04.17"]
[Round "1"]
[White "Ask,J"]
[Black "Malaniuk,V"]
[Result "1/2-1/2"]
[WhiteElo "2189"]
[BlackElo "2582"]

1.e4 d6 2.d4 Nf6 3.Nc3 e5 4.Nf3 Nbd7 5.Bc4 Be7 6.O-O O-O 7.Re1 c6 8.a4 a5
9.b3 h6 10.Bb2 Re8 11.Bd3 Bf8 12.h3 Qc7  1/2-1/2

[Event "9th Open"]
[Site "Weiz AUT"]
[Date "2010.04.17"]
[Round "3"]
[White "Kasparova,T"]
[Black "Poetz,F"]
[Result "0-1"]
[WhiteElo "2157"]
[BlackElo "2317"]

1.e4 d6 2.d4 Nf6 3.Nc3 c6 4.Nge2 Nbd7 5.h3 b5 6.a3 e5 7.g3 Bb7 8.Bg2 a5 9.d5 cxd5
10.Nxd5 Nxd5 11.exd5 g6 12.O-O Bg7 13.Be3 O-O 14.Qd2 Nb6 15.b3 Qc7 16.Rab1 Nd7
17.Rfc1 Ba6 18.Nc3 f5 19.Nd1 Rae8 20.Bf1 f4 21.gxf4 exf4 22.Bxf4 Re4 23.Bg3 Ne5
24.Kh1 Nf3 25.Qd3 Rd4 26.Qe2 Be5 27.Bxe5 dxe5 28.Bg2 e4 29.c3 Qh2+  0-1

[Event "ch-SRB"]
[Site "Kragujevac SRB"]
[Date "2010.04.19"]
[Round "2"]
[White "Govedarica,R"]
[Black "Damljanovic,B"]
[Result "1/2-1/2"]
[WhiteElo "2395"]
[BlackElo "2550"]

1.d4 Nf6 2.Nc3 d6 3.e4 e5 4.Nf3 Nbd7 5.Bc4 Be7 6.O-O O-O 7.Re1 c6 8.a4 b6
9.d5 cxd5 10.Nxd5 Nxd5 11.Bxd5 Rb8 12.c3 a6 13.Nd2 Nf6 14.Nc4 Nxd5 15.Qxd5 Be6
16.Qd3 Qc7 17.Ne3 Qb7 18.Rd1 Rfc8 19.Nd5 Bxd5 20.Qxd5 Qxd5 21.Rxd5 f6 22.Bd2 Kf7
23.b3 Rc5 24.c4 Rxd5 25.cxd5 Rc8 26.Rc1 Rxc1+ 27.Bxc1 Bd8 28.f4 b5 29.axb5 Bb6+
30.Kf1 axb5 31.Ke2 Bc5 32.g4 Bb4 33.h4 Bc5 34.f5 g6 35.fxg6+ Kxg6 36.h5+ Kf7
37.Kf3 Bb4 38.g5 fxg5 39.Bxg5 Bc5 40.Kg4 Bb4 41.Kf5 Ba5 42.Be3 Bb4  1/2-1/2

[Event "9th Open"]
[Site "Malakoff FRA"]
[Date "2010.04.21"]
[Round "6"]
[White "Karpatchev,A"]
[Black "MacDonald,C"]
[Result "1-0"]
[WhiteElo "2483"]
[BlackElo "2128"]

1.e4 d6 2.d4 Nf6 3.Nc3 e5 4.Nf3 Nbd7 5.Bc4 Be7 6.O-O O-O 7.Re1 a6 8.a4 b6
9.h3 c6 10.Ba2 Bb7 11.dxe5 dxe5 12.Nh4 g6 13.Bh6 Re8 14.Qf3 Bf8 15.Bg5 Qe7
16.Rad1 Rad8 17.Rxd7 Rxd7 18.Bxf6 Qb4 19.Qg4  1-0

[Event "ch-SRB w"]
[Site "Pancevo SRB"]
[Date "2010.04.22"]
[Round "3"]
[White "Rakic,Ma"]
[Black "Stojanovic,Andj"]
[Result "0-1"]
[WhiteElo "2306"]
[BlackElo "2301"]

1.d4 d6 2.e4 Nf6 3.Nc3 e5 4.dxe5 dxe5 5.Qxd8+ Kxd8 6.Bc4 Be6 7.Bxe6 fxe6
8.f3 Nc6 9.Be3 Bd6 10.O-O-O Ke7 11.Kb1 h6 12.Nh3 Na5 13.Nf2 b6 14.Nd3 a6
15.Bc1 c5 16.f4 Nc6 17.f5 c4 18.Nf2 Bc5 19.Rhf1 Rad8 20.fxe6 Kxe6 21.g4 b5
22.Rxd8 Rxd8 23.g5 hxg5 24.Bxg5 Rf8 25.Nfd1 Nxe4 26.Rxf8 Nxc3+ 27.Nxc3 Bxf8
28.a3 Nd4 29.Be3 Be7 30.h3 Bh4 31.Ne4 Kd5 32.Nc3+ Ke6 33.Ne4 Be7 34.Nc3 Nf5
35.Bf2 Nd6 36.Bc5 Nb7 37.Bf2 Bc5 38.Bg3 Nd6 39.Kc1 Bd4 40.Nd1 Nf5 41.Be1 e4
42.Kd2 Ke5 43.b3 e3+ 44.Ke2 cxb3 45.cxb3 Ke4 46.a4 Be5 47.Nc3+ Bxc3 48.Bxc3 g6
49.axb5 axb5  0-1

[Event "Open"]
[Site "Bar MNE"]
[Date "2010.04.23"]
[Round "8"]
[White "Ivanovic,B"]
[Black "Rovcanin,Z"]
[Result "0-1"]
[WhiteElo "2439"]
[BlackElo "2166"]

1.e4 d6 2.d4 Nf6 3.Nc3 c6 4.Nf3 Qa5 5.Bd3 Bg4 6.h3 Bxf3 7.Qxf3 Nbd7 8.O-O g5
9.Re1 Rg8 10.Bd2 g4 11.hxg4 Nxg4 12.e5 dxe5 13.Bxh7 Rg7 14.Bf5 Ngf6 15.Ne4 Qc7
16.Nxf6+ exf6 17.Bxd7+ Qxd7 18.dxe5 f5 19.Rad1 Qe6 20.Bc3 Rg6 21.b3 Rd8 22.Rd6 Qc8
23.Rf6 Rd5 24.Rxf5 Qd7 25.g3 Rh6  0-1

[Event "9th Asian Continental"]
[Site "Olongapo City PHI"]
[Date "2010.04.23"]
[Round "3"]
[White "Ni Hua"]
[Black "Macala,A"]
[Result "1-0"]
[WhiteElo "2667"]
[BlackElo "2283"]

1.e4 d6 2.d4 c6 3.Nc3 Nf6 4.f4 Qa5 5.Bd3 e5 6.Nf3 Bg4 7.O-O Nbd7 8.Be3 Be7
9.h3 Bh5 10.Qe1 exf4 11.Bxf4 Qb6 12.Be3 O-O 13.Nh4 Rfe8 14.g4 Bg6 15.Nxg6 fxg6
16.Bc4+ Kh8 17.Bf7 Rf8 18.Be6 Rad8 19.Qd2 Qxb2 20.Rab1 Qa3 21.Rxb7 Qa6 22.Rfb1 Rb8
23.Rxb8 Nxb8 24.Qd3 Qa5 25.Rb7 Nxe4 26.Nxe4 Qe1+ 27.Kg2 d5 28.Bf2  1-0

[Event "ch-SRB"]
[Site "Kragujevac SRB"]
[Date "2010.04.24"]
[Round "6"]
[White "Krstic,P"]
[Black "Damljanovic,B"]
[Result "0-1"]
[WhiteElo "2348"]
[BlackElo "2550"]

1.e4 d6 2.d4 Nf6 3.Nc3 e5 4.dxe5 dxe5 5.Qxd8+ Kxd8 6.Nf3 Bd6 7.Bg5 Be6 8.O-O-O Nd7
9.Bxf6+ gxf6 10.Nh4 Bc5 11.f3 c6 12.Nf5 Kc7 13.g4 h5 14.Ng7 hxg4 15.Nxe6+ fxe6
16.fxg4 b5 17.Bg2 Be3+ 18.Kb1 Rag8 19.h3 Bg5 20.Ne2 Nf8 21.Rd3 Ng6 22.Rhd1 Rh7
23.c3 Rb8 24.Kc2 a5 25.b4 Ra8 26.Kb3 Nf8 27.Ng3 Nd7 28.Bf1 axb4 29.cxb4 c5
30.Rd6 c4+ 31.Kb2 Re7 32.Ne2 Nb6 33.Rxb6 Kxb6 34.Nc3 Kc6 35.a4 bxa4 36.Bxc4 Be3
37.Nd5 exd5 38.Bxd5+ Kb5 39.Bxa8 Kxb4 40.Rd3 Bg5 41.Bd5 Rc7 42.Rd1 Rc3 43.Rh1 Rg3
44.h4 Rg2+ 45.Kb1 Be3 46.h5 a3 47.h6 a2+ 48.Bxa2 Ka3 49.Rh3 Rb2+ 50.Ka1 Rxa2+
51.Kb1 Rb2+ 52.Ka1 Rb3  0-1

[Event "ch-SRB"]
[Site "Kragujevac SRB"]
[Date "2010.04.26"]
[Round "8"]
[White "Solak,D"]
[Black "Tadic,Br"]
[Result "1/2-1/2"]
[WhiteElo "2553"]
[BlackElo "2524"]

1.e4 d6 2.d4 Nf6 3.Nc3 e5 4.Nf3 Nbd7 5.Bc4 Be7 6.O-O c6 7.a4 Qa5 8.d5 O-O
9.Bg5 h6 10.Bh4 Qb4 11.Bb3 a5 12.Nd2 cxd5 13.Bxf6 Nxf6 14.Nxd5 Nxd5 15.Bxd5 Qxb2
16.Nc4 Qd4 17.Qxd4 exd4 18.Rad1 Rb8 19.Rxd4 b5 20.Rb1 Bf6 21.Rdd1 Bg4 22.f3 Bxf3
23.gxf3 bxc4 24.Bxc4 Rxb1 25.Rxb1 Rc8 26.Bd3 Be5 27.Rb5 Rc5 28.Rxc5  1/2-1/2

[Event "ch-SRB"]
[Site "Kragujevac SRB"]
[Date "2010.04.26"]
[Round "8"]
[White "Krstic,P"]
[Black "Pikula,D"]
[Result "0-1"]
[WhiteElo "2348"]
[BlackElo "2535"]

1.e4 d6 2.d4 Nf6 3.Nc3 e5 4.Nf3 Nbd7 5.Bc4 Be7 6.O-O O-O 7.a4 a5 8.b3 h6
9.Ba3 Re8 10.Re1 c6 11.Qd2 Qc7 12.Nh4 exd4 13.Qxd4 Ne5 14.Nf5 Bxf5 15.exf5 d5
16.Bxe7 Rxe7 17.f4 Neg4 18.Bf1 Rae8 19.Rxe7 Rxe7 20.g3 Ne3 21.Qd2 Qb6 22.Kh1 d4
23.Ne2 c5 24.Kg1 Nxf5 25.Bh3 Ne3 26.Re1 Nxc2 27.Qxc2 d3 28.Qc4 dxe2 29.Qb5 Qxb5
30.axb5 Re3 31.Bg2 b6 32.Bc6 Ne4 33.Kg2 h5  0-1

[Event "FIDE GP w"]
[Site "Nalchik RUS"]
[Date "2010.04.28"]
[Round "3"]
[White "Kovanova,B"]
[Black "Zhu Chen"]
[Result "1/2-1/2"]
[WhiteElo "2385"]
[BlackElo "2476"]

1.e4 d6 2.d4 Nf6 3.Nc3 e5 4.Nf3 Nbd7 5.Bc4 Be7 6.O-O O-O 7.Re1 c6 8.a4 a5
9.Ba2 exd4 10.Nxd4 Nc5 11.Bf4 Qb6 12.Qd2 Be6 13.Nxe6 fxe6 14.e5 dxe5 15.Bxe5 Kh8
16.h3 Rad8 17.Qe3 Nfd7 18.Bg3 Qxb2 19.Bb3 Nxb3 20.Ra2 Bc5 21.Rxb2 Bxe3 22.Rxe3 Nd4
23.Rxb7 Nxc2 24.Rd3 Nf6 25.Rxd8 Rxd8 26.Ra7 Kg8 27.Rxa5 Rd3 28.Ra8+ Kf7 29.Ra7+ Kf8
30.Ra8+ Kf7 31.Ra7+ Kf8 32.Ra8+  1/2-1/2

[Event "42nd TCh-ITA Masters"]
[Site "Arvier ITA"]
[Date "2010.04.29"]
[Round "1"]
[White "Godena,M"]
[Black "Mantovani,R"]
[Result "1/2-1/2"]
[WhiteElo "2561"]
[BlackElo "2338"]

1.e4 d6 2.d4 Nf6 3.Nc3 c6 4.Nf3 Bg4 5.h3 Bxf3 6.Qxf3 e6 7.Bd3 d5 8.O-O dxe4
9.Nxe4 Nxe4 10.Qxe4 Nd7 11.c3 Nf6 12.Qe2 Be7 13.Be3 Qc7 14.Rad1 O-O 15.Qf3 Rfe8
16.Rfe1 Rad8 17.Bc2 Qa5 18.Bb3 Qh5 19.Qxh5 Nxh5 20.c4 Nf6 21.d5 Bb4 22.Rf1 exd5
23.cxd5 Nxd5 24.Bxa7 Ba5 25.Bxd5 cxd5 26.Be3 Re6 27.Rd3 Bb6 28.Rfd1 Kf8 29.Rxd5 Rxd5
30.Rxd5 Bxe3 31.fxe3 Rxe3 32.Rd8+ Re8 33.Rd7 b5 34.Rb7 Re5 35.Kf2  1/2-1/2

[Event "ch-SRB"]
[Site "Kragujevac SRB"]
[Date "2010.04.30"]
[Round "12"]
[White "Govedarica,R"]
[Black "Solak,D"]
[Result "0-1"]
[WhiteElo "2395"]
[BlackElo "2553"]

1.d4 d6 2.e4 Nf6 3.Nc3 e5 4.dxe5 dxe5 5.Qxd8+ Kxd8 6.Bc4 Bb4 7.Bd2 Ke7 8.a3 Bd6
9.f3 c6 10.Nge2 b5 11.Bd3 Nbd7 12.Be3 Bc5 13.Kf2 Bxe3+ 14.Kxe3 a5 15.Rhb1 Nb6
16.b3 Be6 17.Nd1 a4 18.b4 Ne8 19.Nb2 Nd6 20.Nc1 Rad8 21.Ne2 Rd7 22.Nc3 g6
23.g3 f5 24.Rd1 Rf8 25.exf5 gxf5 26.f4 e4 27.Be2 Rfd8 28.Kf2 Bc4 29.Bh5 Be6
30.Be2 Bc4 31.Bh5 Rc8 32.Rd4 c5 33.bxc5 Rxc5 34.Nbd1 Be6 35.Be2 Rdc7 36.Rxd6 Kxd6
37.Nxb5+ Rxb5 38.Bxb5 Rxc2+ 39.Kg1 Kc5 40.Bf1 Kd4 41.Rb1 Bb3 42.Bh3 Nc4 43.Bxf5 Nd2
44.Rb2 Nf3+ 45.Kh1 Rc1 46.Kg2 Rxd1 47.Bxe4 Kxe4 48.Re2+ Kd3 49.Kxf3 Rf1+  0-1

[Event "TOP 16 GpB"]
[Site "Mulhouse FRA"]
[Date "2010.04.30"]
[Round "5"]
[White "Leconte,M"]
[Black "Elbilia,J"]
[Result "0-1"]
[WhiteElo "2330"]
[BlackElo "2402"]

1.e4 d6 2.d4 Nf6 3.Nc3 e5 4.Nf3 Nbd7 5.Bc4 Be7 6.O-O O-O 7.Re1 c6 8.a4 a5
9.h3 Nb6 10.Ba2 Nfd7 11.Be3 exd4 12.Bxd4 Nc5 13.Bxc5 dxc5 14.Qe2 Be6 15.Rad1 Qc8
16.Bxe6 Qxe6 17.Nd2 Rfd8 18.f4 Qf6 19.Qf2 Qd4 20.Nb3 Qb4 21.e5 Nxa4 22.Rxd8+ Rxd8
23.Re4 c4 24.Nxa4 Qxa4 25.f5 Qb5 26.f6 Bf8 27.e6 fxe6 28.Nd4 Qd5 29.f7+ Kh8
30.Rh4 Bc5 31.c3 Rf8 32.Qc2 Qf5 33.Kh2 Qxc2 34.Nxc2 b5 35.Re4 e5 36.Kh1 Rxf7
37.Rxe5 Rf1+ 38.Kh2 Bd6  0-1

[Event "42nd TCh-ITA Masters"]
[Site "Arvier ITA"]
[Date "2010.05.01"]
[Round "5"]
[White "Cherin,D"]
[Black "Borgo,G"]
[Result "0-1"]
[WhiteElo "2283"]
[BlackElo "2442"]

1.e4 d6 2.d4 Nf6 3.Nc3 e5 4.Nf3 Nbd7 5.Bc4 Be7 6.O-O O-O 7.Re1 c6 8.a4 a5
9.b3 exd4 10.Qxd4 Nb6 11.Ba3 Qc7 12.Bf1 Bg4 13.Re3 Rad8 14.h3 Bc8 15.Rd1 Rfe8
16.Qd2 Bf8 17.Rd3 Nxe4 18.Nxe4 Rxe4 19.Bxd6 Bxd6 20.Rxd6 Rxd6 21.Qxd6 Qxd6
22.Rxd6 Kf8 23.Bd3 Re8 24.Rd4 h6 25.Nd2 Re1+ 26.Kh2 Ke7 27.Nc4 Nxc4 28.Rxc4 Bd7
29.Kg3 Kd6 30.Rd4+ Kc7 31.h4 Re5 32.Kf4 f6 33.f3 b5 34.Kg3 c5 35.Rf4 c4 36.Bg6 Be6
37.Be8 cxb3 38.cxb3 b4 39.Bb5 Bxb3 40.Rg4 g5 41.f4 Rxb5 42.fxg5 Rb8 43.gxh6 Rh8
44.Rg7+ Kb6 45.Rg6 Bxa4 46.Rxf6+ Bc6 47.Kf4 b3 48.Ke3 b2 49.Rf1 Re8+ 50.Kd4  0-1

[Event "42nd TCh-ITA Masters"]
[Site "Arvier ITA"]
[Date "2010.05.01"]
[Round "6"]
[White "Collutiis,D"]
[Black "Borgo,G"]
[Result "1-0"]
[WhiteElo "2426"]
[BlackElo "2442"]

1.e4 d6 2.d4 Nf6 3.Nc3 e5 4.f3 Nbd7 5.Be3 c6 6.Qd2 Qc7 7.g4 h6 8.Nge2 b5
9.a3 Nb6 10.b3 a6 11.h3 c5 12.d5 Be7 13.a4 b4 14.Nd1 Nh7 15.h4 Qd8 16.Bf2 Nf8
17.Ne3 Ng6 18.a5 Nxh4 19.Rxh4 Bxh4 20.axb6 Bxf2+ 21.Kxf2 h5 22.Ng3 hxg4 23.fxg4 Qxb6
24.Kg2 Qd8 25.Be2 Qg5 26.Nc4 Qxd2 27.Nxd2 g6 28.Nc4 Ke7 29.Nb6 Ra7 30.Rh1 Rd8
31.g5 Bd7 32.Nxd7 Kxd7 33.Nf1 Ke7 34.Ne3 Raa8 35.Bg4 a5 36.Ra1 f6 37.Nc4 fxg5
38.Nxa5 Ke8 39.Ra4 Ra7 40.Be2 Rda8 41.Bb5+ Kf7 42.Nc6 Rxa4 43.bxa4 Ke8 44.Nxe5+ Kd8
45.Nc4 Kc7 46.e5 dxe5 47.d6+ Kb7 48.Nxe5 Rd8 49.Nf7 Rf8 50.d7 Kc7 51.d8=Q+ Rxd8
52.Nxd8 Kxd8 53.Kg3 Kc7 54.a5  1-0

[Event "FSGM May"]
[Site "Budapest HUN"]
[Date "2010.05.01"]
[Round "1"]
[White "Wittmann,W"]
[Black "Solomon,K"]
[Result "0-1"]
[WhiteElo "2302"]
[BlackElo "2351"]

1.e4 d6 2.d4 Nf6 3.Nc3 e5 4.Nf3 Nbd7 5.Bc4 Be7 6.O-O O-O 7.Re1 c6 8.a4 b6
9.Bg5 Bb7 10.dxe5 dxe5 11.Qd2 a6 12.Rad1 Qc7 13.Nh4 b5 14.Nf5 Nc5 15.Bh6 Rfd8
16.Qg5 g6 17.Bg7 Nfxe4 18.Nxe7+ Kxg7 19.Nf5+ Kh8 20.Nxe4 Nxe4 21.Rxd8+ Qxd8
22.Qxd8+ Rxd8 23.Nh6 Kg7 24.Nxf7 Rd2 25.Bf1 Kxf7 26.Rxe4 Rxc2 27.Rxe5 Rxb2
28.Re3 c5  0-1

[Event "FSGM May"]
[Site "Budapest HUN"]
[Date "2010.05.01"]
[Round "1"]
[White "Papp,Ge"]
[Black "Czebe,A"]
[Result "0-1"]
[WhiteElo "2400"]
[BlackElo "2480"]

1.e4 d6 2.d4 Nf6 3.Nc3 e5 4.Nf3 Nbd7 5.Bc4 Be7 6.O-O c6 7.a4 h6 8.Ba2 Nh7
9.Ne2 Qc7 10.Ng3 Ndf8 11.Re1 Ng6 12.Nf5 O-O 13.c3 Re8 14.Bxh6 gxh6 15.Nxh6+ Kg7
16.Nxf7 Rf8 17.Qd2 Rxf7 18.Bxf7 Kxf7 19.Qh6 Nhf8 20.Re3 Bf6 21.g3 Kg8 22.dxe5 dxe5
23.Rd1 Qg7 24.Qxg7+ Kxg7 25.a5 a6 26.b4 Be6 27.Red3 Kf7 28.h4 Ke7 29.Kg2 Nh7
30.Rd6 Rg8 31.Kh2 Bg4 32.R6d3 Bg7 33.R1d2 Bh6 34.Re2 Nf6 35.Re1 Nh5 36.Red1 Rf8  0-1

[Event "ch-CAN Junior"]
[Site "Toronto CAN"]
[Date "2010.05.01"]
[Round "2"]
[White "Thavandiran,S"]
[Black "Martchenko,A"]
[Result "0-1"]
[WhiteElo "2323"]
[BlackElo "2138"]

1.e4 d6 2.d4 Nf6 3.Nc3 e5 4.Nge2 Nbd7 5.h3 c6 6.g4 d5 7.exd5 Nxd5 8.Nxd5 cxd5
9.dxe5 Bc5 10.Bg2 Nxe5 11.O-O Be6 12.Nf4 O-O 13.Nxd5 Qh4 14.Be3 Bxg4 15.hxg4 Nxg4
16.Qxg4 Qxg4 17.Bxc5 Rfe8 18.Rad1 Re5 19.Rd4 Qe2 20.Rfd1 h5 21.Bd6 Rg5 22.Bf4 Rg6
23.Be3 Rg4 24.R1d2 Qe1+ 25.Kh2 Rxd4 26.Rxd4 Re8 27.Nc3 Qa1 28.Rd7 Qxb2 29.Bd4 Qxc2
30.Bd5 Qf5 31.Rxf7 Qxf7 32.Bxf7+ Kxf7 33.Bxa7 Rc8 34.Bd4 Rc4 35.Be5 g5 36.f3 Ke6
37.Bg7 Kf5 38.Kg3 h4+ 39.Kf2 g4 40.fxg4+ Rxg4 41.Bf8 h3 42.Bd6 Rg2+ 43.Kf3 Rd2
44.Nb5 Ke6 45.a3 Rxd6 46.Nxd6 Kxd6 47.Kg3 Kc5 48.Kxh3 Kc4 49.a4 Kb4 50.a5 Kxa5
51.Kg2 Kb4 52.Kf2 Kc3  0-1

[Event "TOP 16 GpA"]
[Site "France FRA"]
[Date "2010.05.02"]
[Round "7"]
[White "Fruteau,S"]
[Black "Milliet,S"]
[Result "1/2-1/2"]
[WhiteElo "2125"]
[BlackElo "2391"]

1.e4 d6 2.d4 Nf6 3.Nc3 Nbd7 4.Be3 e5 5.Nf3 Be7 6.h3 O-O 7.Be2 a6 8.O-O b5
9.a3 Bb7 10.d5 c6 11.dxc6 Bxc6 12.Nd2 Nc5 13.Bf3 Rc8 14.Qe2 Qc7 15.Rfe1 Rfd8
16.Rad1 Qb7 17.Bxc5 dxc5 18.Nb3 Qc7 19.Nd5 Bxd5 20.exd5 c4 21.Nc1 Bd6 22.Na2 Re8
23.Nc3 e4 24.Bg4 Rcd8 25.Kh1 Re5 26.Qe3 Qe7 27.Rd2 Bc5 28.Qg3 Bd6 29.Qe3 Re8
30.Bd1 Rf5 31.Qb6 Bc5 32.d6 Bxb6 33.dxe7 Rxe7 34.f3 e3 35.Rd6 Re6 36.Rxe6 fxe6
37.Ne2 Nd5 38.c3 e5 39.Bc2 Rf8 40.Kg1 Kf7 41.Rd1 Rd8 42.Kf1 g6 43.Be4 Ke6
44.Bxd5+ Rxd5 45.Rxd5 Kxd5 46.Ng3 a5 47.Ke2 b4 48.Nf1 Kc5 49.a4 Bd8 50.Nxe3 Bg5
51.g3 h5 52.Kd2 h4 53.g4 Bf6 54.Nd1 Bg5+ 55.Ne3 Bf4 56.Ke2 Bh6 57.Kd2 Bf4
58.Ke2  1/2-1/2

[Event "TOP 16 GpB"]
[Site "Mulhouse FRA"]
[Date "2010.05.02"]
[Round "7"]
[White "Reinhart,E"]
[Black "Elbilia,J"]
[Result "1-0"]
[WhiteElo "2337"]
[BlackElo "2402"]

1.e4 d6 2.d4 Nf6 3.Nc3 e5 4.Nge2 Be7 5.h3 exd4 6.Nxd4 O-O 7.Be3 a6 8.Qf3 c5
9.Nf5 Bxf5 10.Qxf5 b5 11.g4 g6 12.Qf3 Nbd7 13.Be2 b4 14.Na4 d5 15.exd5 Ne5
16.Qg3 Qxd5 17.O-O Ne4 18.Qg2 Qc6 19.Nb6 Qxb6 20.Qxe4 Bf6 21.Rad1 Rad8 22.Rxd8 Rxd8
23.Rd1 Rxd1+ 24.Bxd1 Qd6 25.Be2 Nd7 26.Qa8+ Nb8 27.Bxa6 Kg7 28.Bc4 Nd7 29.Qe8 Ne5
30.Be2 g5 31.Qc8 Be7 32.Qf5 h6 33.Qe4 Ng6 34.Bd3 Bf6 35.Qf5 c4 36.Bxc4 Nh4
37.Qd5 Qe7 38.a3 bxa3 39.bxa3 Ng6 40.a4 Nf4 41.Bxf4 gxf4 42.a5 Qa7 43.a6 Bd4
44.Qf3 Qc7 45.Bd3 Qe5 46.Kg2 Bb6 47.Qe4 Qd6 48.Bc4 Qc7 49.Qd5 Ba7 50.Bb3 Kf6
51.h4 Kg7 52.Qb7 Qxb7+ 53.axb7 Kf6 54.Kf3 Bb8 55.Ke4 Bc7 56.Kd5 Bb8 57.f3 Ke7
58.g5 hxg5 59.hxg5 Kd7 60.Kc5  1-0

[Event "ch-CZE"]
[Site "Ostrava CZE"]
[Date "2010.05.02"]
[Round "2"]
[White "Olsarova,T"]
[Black "Bures,M"]
[Result "0-1"]
[WhiteElo "2269"]
[BlackElo "2131"]

1.e4 d6 2.d4 Nf6 3.Nc3 e5 4.Nf3 Nbd7 5.h3 Be7 6.g4 h6 7.Bg2 c6 8.O-O Qc7
9.Nh2 g5 10.Ne2 Nf8 11.Ng3 Ng6 12.Nf5 Nf4 13.Bxf4 gxf4 14.Ng7+ Kf8 15.Nf5 Bxf5
16.exf5 e4 17.Re1 f3 18.Bxf3 exf3 19.Nxf3 Re8 20.c4 Nh7 21.Qd3 Kg7 22.Re2 Bf6
23.Rae1 Qd7 24.Nd2 Rxe2 25.Rxe2 Re8 26.Ne4 b6 27.d5 c5 28.Kf1 Bd4 29.h4 Nf6
30.Nxf6 Bxf6 31.g5 hxg5 32.hxg5 Bd4 33.f6+ Kg8 34.b3 Rxe2 35.Qxe2 Qh3+ 36.Kg1 Be5  0-1

[Event "2nd Milko Bobotsov Mem"]
[Site "Sofia BUL"]
[Date "2010.05.02"]
[Round "3"]
[White "Raykov,Stefan"]
[Black "Ljangov,P"]
[Result "0-1"]
[WhiteElo "1722"]
[BlackElo "2110"]

1.e4 d6 2.d4 Nf6 3.Nc3 c6 4.f4 Qa5 5.Bd2 e5 6.fxe5 dxe5 7.dxe5 Ng4 8.Nf3 Bc5
9.Nb5 Bf2+ 10.Ke2 Qxb5+ 11.c4 Qxc4+  0-1

[Event "FIDE GP w"]
[Site "Nalchik RUS"]
[Date "2010.05.03"]
[Round "7"]
[White "Yildiz,B"]
[Black "Zhu Chen"]
[Result "0-1"]
[WhiteElo "2244"]
[BlackElo "2476"]

1.e4 d6 2.d4 Nf6 3.Nc3 e5 4.Nf3 Nbd7 5.Bc4 Be7 6.O-O O-O 7.Re1 c6 8.a4 a5
9.h3 Nb6 10.Bf1 exd4 11.Qxd4 d5 12.Bf4 Bb4 13.e5 Nfd7 14.Bg5 Be7 15.Bxe7 Qxe7
16.Qe3 Re8 17.b3 Qc5 18.Qxc5 Nxc5 19.Nd4 Bd7 20.Rad1 Re7 21.f4 Rae8 22.Kf2 g6
23.g3 Na8 24.Bg2 Nc7 25.Nf3 h5 26.Nh2 N7a6 27.g4 hxg4 28.hxg4 Nb4 29.Re2 g5
30.Kg3 gxf4+ 31.Kxf4 f6 32.Nf3 fxe5+ 33.Nxe5 Bxg4 34.Kxg4 Rxe5 35.Rxe5 Rxe5
36.Kf4 Re7 37.Rd2 Re1 38.Ne2 Kf7 39.Ke5 Ke7 40.Kd4 Kd6 41.Ke3 Kc7 42.Kf2 Ra1
43.Ke3 Kb6 44.Kd4 Re1 45.Ke3 Ne6 46.Bh3 Ng5 47.Bg2 Kc5 48.Kf2 Rb1 49.Nd4 Nf7
50.Ne2 Nd6 51.Ke3 Re1 52.Kf2 Ra1 53.Ke3 Rxa4 54.c3 Ra3 55.cxb4+ Kxb4 56.Rc2 Rxb3+
57.Kd4 Nf5+ 58.Ke5 Ne3  0-1

[Event "ch-CZE"]
[Site "Ostrava CZE"]
[Date "2010.05.03"]
[Round "3"]
[White "Kriebel,T"]
[Black "Vlach,K"]
[Result "1-0"]
[WhiteElo "2265"]
[BlackElo "2171"]

1.e4 d6 2.d4 Nf6 3.Nc3 e5 4.dxe5 dxe5 5.Qxd8+ Kxd8 6.Bg5 Be6 7.O-O-O+ Nd7
8.f4 exf4 9.Nf3 h6 10.Bxf4 Bb4 11.Nb5 Ba5 12.Nbd4 Ke7 13.Nxe6 fxe6 14.Bc4 Bb6
15.Nh4 Rhd8 16.Rhf1 Nf8 17.Be5 Be3+ 18.Kb1 Nxe4 19.Bd3 Nd2+ 20.Rxd2 Bxd2
21.Bxg7 Bg5 22.Bxf8+ Rxf8 23.Ng6+  1-0

[Event "4NCL 2009-10"]
[Site "Sunningdale ENG"]
[Date "2010.05.03"]
[Round "11"]
[White "Greet,A"]
[Black "Lauterbach,I"]
[Result "1-0"]
[WhiteElo "2431"]
[BlackElo "2163"]

1.d4 d6 2.e4 Nf6 3.Nc3 e5 4.dxe5 dxe5 5.Qxd8+ Kxd8 6.Bg5 c6 7.O-O-O+ Ke8
8.g3 Nfd7 9.Kb1 b6 10.Bc1 Na6 11.f4 Nac5 12.Nf3 f6 13.Bh3 exf4 14.gxf4 Be7
15.Nd4 Nf8 16.Bg2 Bd7 17.Nf5 g6 18.Nd6+ Bxd6 19.Rxd6 Nce6 20.f5 Ke7 21.Rhd1 Nd8
22.Bh6 Be8 23.Bg7 Rg8 24.Bxf6+ Kf7 25.Bxd8 gxf5 26.Bf1 Rg6 27.exf5 Rxd6 28.Rxd6 Bd7
29.Bg5 Bxf5 30.Rf6+  1-0

[Event "FSGM May"]
[Site "Budapest HUN"]
[Date "2010.05.04"]
[Round "4"]
[White "Radovanovic,J"]
[Black "Solomon,K"]
[Result "1-0"]
[WhiteElo "2351"]
[BlackElo "2351"]

1.e4 d6 2.d4 Nf6 3.Nc3 e5 4.dxe5 dxe5 5.Qxd8+ Kxd8 6.Bc4 Ke8 7.f3 c6 8.a4 a5
9.Be3 Na6 10.Nge2 Nb4 11.O-O-O Nd7 12.Kb1 Nc5 13.Nc1 Be6 14.Bxe6 fxe6 15.Rd2 Nba6
16.Rhd1 h6 17.Bf2 Be7 18.Nd3 Nd7 19.h4 h5 20.Bg3 Bf6 21.b3 Ke7 22.Kb2 Rhd8
23.Nb1 b5 24.Nc3 Nc7 25.Bf2 b4 26.Nb1 Na6 27.Re2 Ndc5 28.Ree1 Nxd3+ 29.Rxd3 Rxd3
30.cxd3 g5 31.hxg5 Bxg5 32.Rh1 Rh8 33.Kc2 Kd7 34.Nd2 Bd8 35.Nc4 Bc7 36.Kd2 Rg8
37.g3 Rg5 38.Ke2 c5 39.Rh3 Kc6 40.Nb2 Bd8 41.Be3 Rg8 42.Kf2 Rh8 43.Nc4 Bf6
44.Nxa5+ Kc7 45.Nc4 Kc6 46.g4 h4 47.g5 Bg7 48.Kg2 Rd8 49.Rxh4 Rxd3 50.Rh7 Rd7
51.g6 Bf6 52.Rxd7 Kxd7 53.Kh3 Ke8 54.Kg4 Be7 55.Kh5 Bf8 56.Nxe5  1-0